| 000 | 01519cam a2200433 a 4500 | ||
|---|---|---|---|
| 001 | 15456628 | ||
| 003 | EG-ScBUE | ||
| 005 | 20220626114717.0 | ||
| 006 | m||||fq||h 00| 0 | ||
| 008 | 080918s2008 enk f 001 0 eng d | ||
| 020 | _a9780199534333 (Kit) | ||
| 020 | _a9780198609933 (Coursebook) | ||
| 020 | _a9780198609704 (Travel dictionary and phrasebook) | ||
| 040 |
_aDLC _beng _erda _cDLC _dDLC _dEG-ScBUE |
||
| 041 | 0 |
_aeng _afre |
|
| 082 | 0 | 4 |
_a448.3421 _bBOU _222 |
| 100 | 1 |
_aBougard, Marie-Thérèse, _eauthor. |
|
| 245 | 1 | 0 |
_aOxford take off in French / _cMarie-Thérèse Bougard. |
| 246 | 3 | 0 | _aTake off in French |
| 250 | _aThird edition. | ||
| 264 | 1 |
_aOxford : _bOxford University Press, _c2008. |
|
| 300 |
_a2 volumes ; _c20 cm. + _e5 sound discs |
||
| 336 |
_2rdacontent _atext _btxt |
||
| 336 |
_2rdacontent _asounds _bsnd |
||
| 337 |
_2rdamedia _aunmediated _bn |
||
| 337 |
_2rdamedia _aaudio _bs |
||
| 338 |
_2rdacarrier _avolume _bnc |
||
| 338 |
_2rdacarrier _acomputer disc _bcd |
||
| 500 | _aIncludes index. | ||
| 505 | 0 | _aVolume 1. The complete language-learning kit -- Volume 2. Travel dictionary and phrasebook. | |
| 546 | _aText in English and French. | ||
| 650 | 7 |
_aFrench language _vTextbooks for foreign speakers _xEnglish. _2BUEsh |
|
| 650 | 7 |
_aFrench language _vConversation and phrase books _xEnglish. _2BUEsh |
|
| 650 | 7 |
_aFrench language _xSelf-instruction. _2BUEsh |
|
| 651 | _2BUEsh | ||
| 653 |
_bHHUUEENN _cJuly2017 |
||
| 655 |
_vReading book _934232 |
||
| 942 |
_2ddc _cBB |
||
| 999 |
_c25011 _d24983 |
||